000 00314nam a2200145Ia 4500
100 _aChien/Chao G
942 _cBK
654 _acontrol processes
245 _aComputer control of Processes
260 _bNarosa book
_aLondon
_c2002
082 _a4.16
_bCHI
300 _a284
546 _aENGLISH
999 _c28349
_d28349